Guidance note for regional assemblies on best practice for embedding sustainable development in their existing core functions (Record no. 107197)
[ view plain ]
| 000 -LEADER | |
|---|---|
| fixed length control field | 01714cad a22002295a 4500 |
| 001 - CONTROL NUMBER | |
| control field | L138531 |
| 008 - FIXED-LENGTH DATA ELEMENTS--GENERAL INFORMATION | |
| fixed length control field | 070618s2007 xxk f f000 0 eng d |
| 035 ## - SYSTEM CONTROL NUMBER | |
| System control number | (Sirsi) u138531 |
| 041 0# - LANGUAGE CODE | |
| Language code of text/sound track or separate title | eng |
| 050 04 - LIBRARY OF CONGRESS CALL NUMBER | |
| Classification number | 333.72 $2 18 |
| 110 2# - MAIN ENTRY--CORPORATE NAME | |
| Corporate name or jurisdiction name as entry element | United Kingdom |
| Subordinate unit | Department for Environment, Food and Rural Affairs |
| 245 00 - TITLE STATEMENT | |
| Title | Guidance note for regional assemblies on best practice for embedding sustainable development in their existing core functions |
| Medium | [electronic resource] |
| 260 ## - PUBLICATION, DISTRIBUTION, ETC. | |
| Place of publication, distribution, etc. | London |
| Name of publisher, distributor, etc. | DEFRA |
| Date of publication, distribution, etc. | 2007 |
| 520 ## - SUMMARY, ETC. | |
| Summary, etc. | Identifies sustainable development as the overarching framework providing the background to regional assembly operations. It affects housing development, public transport schemes, job environments, green infrastructure, fuel poverty reduction strategies and innovative technologies. It also provides a catalyst for communication with other bodies at local, regional and national level, and for raising the profile of the assembly itself. It should lead by example by advocating policy, partnership and coordination function. Assemblies should gather data across agencies, coordinate policy objectives, promote behavioural change and manage growth implications, and help strengthen contributions from Regional Economic Strategies and Regional Development Agencies. |
| 590 ## - LOCAL NOTE (RLIN) | |
| Local note | KA |
| 651 #4 - SUBJECT ADDED ENTRY--GEOGRAPHIC NAME | |
| Geographic name | United Kingdom |
| Chronological subdivision | |
| 690 ## - LOCAL SUBJECT ADDED ENTRY--TOPICAL TERM (OCLC, RLIN) | |
| Topical term or geographic name as entry element | ENVIRONMENTAL AND LAND CONSULTANCY-SUSTAINABILITY-SUSTAINABLE DEVELOPMENT |
| 710 2# - ADDED ENTRY--CORPORATE NAME | |
| Corporate name or jurisdiction name as entry element | United Kingdom |
| Subordinate unit | Department for Communities and Local Government |
| 9 (RLIN) | 4939 |
| 710 1# - ADDED ENTRY--CORPORATE NAME | |
| Corporate name or jurisdiction name as entry element | English Regions Network |
| 856 40 - ELECTRONIC LOCATION AND ACCESS | |
| Uniform Resource Identifier | <a href="https://www.sustainable-development.gov.uk/advice/regional.htm">https://www.sustainable-development.gov.uk/advice/regional.htm</a> |
| Public note | View the article free of charge at www.sustainable-development.gov.uk... |
| 942 ## - ADDED ENTRY ELEMENTS (KOHA) | |
| Suppress in OPAC | 0 |
| Withdrawn status | Lost status | Source of classification or shelving scheme | Damaged status | Not for loan | Home library | Current library | Shelving location | Date acquired | Total Checkouts | Full call number | Barcode | Date last seen | Copy number | Price effective from | Koha item type |
|---|---|---|---|---|---|---|---|---|---|---|---|---|---|---|---|
| Dewey Decimal Classification | Virtual | Virtual | Online | 19/06/2007 | ONLINE PUBLICATION | 138531-1001 | 06/08/2019 | 1 | 06/08/2019 | Book |